000 00684cam a2200169 4500
001 ABS60973
008 000000n1999 000 0 eng u
035 _a(Sirsi) u101519
100 _aPittard, S.
245 _aVirtual reality CAD can save surveyors time.
260 _c1999
490 _aCSM
_bChartered Surveyor Monthly
_v8(11/12) July/August 1999, 48(1)
520 _aConsiders whether the surveying profession has exploited Computer Aided Design (CAD) to its full potential. Advises that using CAD can help surveyors manage project costs more effectively.
650 _aCOMPUTER AIDED DESIGN
690 _aMANAGEMENT-BUSINESS MANAGEMENT-INFORMATION MANAGEMENT
942 _n0
999 _c60651
_d60651